000 00906nam a2200241 a 4500
001 000042461
005 20201002040155.0
008 131203s1981 sp 000 0 spa d
020 _a8433460196
040 _aDO-SdBNP
_bspa
_cBNPHU
041 1 7 _aspa
_heng
082 _axxx
_bR462h
100 1 _aMacclure, Michael
_969629
240 1 0 _aFreewheelin Frank, secretary of the Angels.
_lEspañol
245 1 3 _aLa historia de Freewheelin secretario de los Angeles del infierno /
_ccontada a Michael McClure por Frank Reynolds ; versión española de Juan Alcover.
260 _aMadrid :
_bJúcar,
_c1981.
300 _a181 p. ;
_c20 cm.
490 1 _aAzanca
_anarrativa contemporánea
_v19
500 _aTítulo en la cubierta: Freewheelin 'Frank de los ángeles del infierno.
700 1 2 _aReynolds, Frank
_969630
700 1 2 _aAlcover, Juan
_969631
830 0 _aAzanca
_pnarrativa contemporánea
_n19
_969632
999 _c41950
_d41950